ARRUPE JESUIT UNIVERSITY

CORONAVIRUS -STOP THE SPREAD - CLEAN,DISINFECT,COVER

The spirits speak : (Record no. 127323)

MARC details
000 -LEADER
fixed length control field 01402cam a2200349 a 4500
001 - CONTROL NUMBER
control field 672681
003 - CONTROL NUMBER IDENTIFIER
control field ARRUPE
005 - DATE AND TIME OF LATEST TRANSACTION
control field 20180110145642.0
008 - FIXED-LENGTH DATA ELEMENTS--GENERAL INFORMATION
fixed length control field 950731s1996 nyu 000 0aeng
010 ## - LIBRARY OF CONGRESS CONTROL NUMBER
LC control number 95037708
020 ## - INTERNATIONAL STANDARD BOOK NUMBER
International Standard Book Number 0805042075 (alk. paper)
040 ## - CATALOGING SOURCE
Original cataloging agency DLC
Transcribing agency DLC
Modifying agency DLC
043 ## - GEOGRAPHIC AREA CODE
Geographic area code f-sa---
050 00 - LIBRARY OF CONGRESS CALL NUMBER
Classification number BL73.A73
Item number A3 1996
082 00 - DEWEY DECIMAL CLASSIFICATION NUMBER
Classification number 299/.6/092
-- B
Edition number 20
300 ## - PHYSICAL DESCRIPTION
Dimensions 24 cm.
100 1# - MAIN ENTRY--PERSONAL NAME
Personal name Arden, Nicky.
9 (RLIN) 38322
245 14 - TITLE STATEMENT
Title The spirits speak :
Remainder of title one woman's mystical journey into the African spirit world /
Statement of responsibility, etc Nicky Arden.
250 ## - EDITION STATEMENT
Edition statement 1st ed.
260 ## - PUBLICATION, DISTRIBUTION, ETC. (IMPRINT)
Place of publication, distribution, etc New York :
Name of publisher, distributor, etc Henry Holt,
Date of publication, distribution, etc c1996.
300 ## - PHYSICAL DESCRIPTION
Extent 255 p. ;
600 10 - SUBJECT ADDED ENTRY--PERSONAL NAME
Personal name Arden, Nicky.
9 (RLIN) 38322
650 #0 - SUBJECT ADDED ENTRY--TOPICAL TERM
Topical term or geographic name as entry element Spiritual biography.
9 (RLIN) 38323
650 #0 - SUBJECT ADDED ENTRY--TOPICAL TERM
Topical term or geographic name as entry element Women shamans
Geographic subdivision South Africa
General subdivision Biography.
9 (RLIN) 38324
650 #0 - SUBJECT ADDED ENTRY--TOPICAL TERM
Topical term or geographic name as entry element Shamanism
Geographic subdivision South Africa.
9 (RLIN) 38325
650 #0 - SUBJECT ADDED ENTRY--TOPICAL TERM
Topical term or geographic name as entry element Healing
General subdivision Religious aspects.
9 (RLIN) 38326
650 #0 - SUBJECT ADDED ENTRY--TOPICAL TERM
Topical term or geographic name as entry element Women
Geographic subdivision South Africa
General subdivision Social conditions.
9 (RLIN) 28756
906 ## - LOCAL DATA ELEMENT F, LDF (RLIN)
a 7
b cbc
c orignew
d 1
e ocip
f 19
g y-gencatlg
942 ## - ADDED ENTRY ELEMENTS (KOHA)
Source of classification or shelving scheme Library of Congress Classification
Koha item type Monograph ( Printed materials)
Holdings
Withdrawn status Lost status Source of classification or shelving scheme Damaged status Not for loan Collection code Home library Current library Shelving location Date acquired Total Checkouts Full call number Barcode Date last seen Price effective from Koha item type
    Library of Congress Classification     Main Collection ARRUPE LIBRARY ARRUPE LIBRARY Main Collection 10/01/2018   BL73.A73 A3 1996 46600000295 10/01/2018 10/01/2018 Monograph ( Printed materials)

 

Arrupe Library. PO Box MP320 Mt Pleasant, Harare, Zimbabwe
263 242 745411|librarian@aju.ac.zw